| 000 | 00807njm a22002297a 4500 | ||
|---|---|---|---|
| 005 | 20100830151421.0 | ||
| 006 | a|||||r|||||00| 0 | ||
| 007 | sd ammalaaahaa | ||
| 008 | 100830t xxu||||| |||| 00| 0 eng d | ||
| 028 |
_aN.36107 _bHis Master's Voice |
||
| 035 | _aGR-42 | ||
| 035 | _aOML.5345 | ||
| 040 |
_adpl _cdpl |
||
| 245 |
_aHindustani / _cLolekar, Anjanibal _h[sound recording] : |
||
| 260 |
_aDum Dum, India _bHis Master's Voice |
||
| 300 |
_a1 sound disc [Gramaphone Recording] : _banalog, 33 1/3 rpm _c9.5 in.(MP) _fGramaphone Records |
||
| 500 | _aBrief record | ||
| 505 | _aBalma Bahaar Saai, (Godhmalhar) -- Balma Balma, (Shankra). | ||
| 650 |
_aClassical music _xExcerpts _zIndia _917444 |
||
| 942 |
_2ddc _cGR |
||
| 999 |
_c43151 _d43151 |
||